000 00957nam a2200289Ia 4500
003 OSt
005 20221007123919.0
006 a|||||r|||| 00| 0
007 ta
008 221006b |||||||| |||| 00| 0 eng d
020 _a9783527320936 (pbk)
024 _a81018
037 _b776, 19/03/2008, Educational Book Agency (India)
_cTextual
040 _aCDL
_cCDL
_beng
041 _2eng
_aeng
082 _aE5:4, P7;1 Carc
100 _aChristmann Mathias Ed.
_9718118
245 0 _aAsymmetric synthesis: The essentials
_b Brase Stefan Ed.
260 _aWeinheim
_bWiley-VCH
_c2008
300 _axl,355p.
_ccm.
500 _aIndex 349-355p
650 _a Asymmetric synthesis
_9718119
650 _aChemistry
700 _a Brase Stefan Ed.
_9718120
942 _hE5:4, P7;1 Carc
_cTEXL
_2CC
999 _c1212648
_d1212648